Normal view
MARC view
- Willam A.Sirignano
Entry Personal Name
001 - CONTROL NUMBER
- control field: 52162
003 - CONTROL NUMBER IDENTIFIER
- control field: NUST
005 - DATE AND TIME OF LATEST TRANSACTION
- control field: 20210421115320.0
008 - FIXED-LENGTH DATA ELEMENTS
- fixed length control field: 210421|| aca||aabn | a|a d
040 ## - CATALOGING SOURCE
- Original cataloging agency: NUST
- Transcribing agency: NUST
100 ## - HEADING--PERSONAL NAME
- Personal name: Willam A.Sirignano
670 ## - SOURCE DATA FOUND
- Source citation: Work cat.: (NUST): Willam A.Sirignano, Advances in Combustion Science In Honor of Ya .B.Zeldovich, 1997
